| 000 | 00865nam a2200289 a 4500 | ||
|---|---|---|---|
| 008 | |||
| 020 | _a9780099464921 (paperback) | ||
| 040 |
_aNUST _cNUST |
||
| 049 | _aMAIN | ||
| 090 |
_aHM1106 _bGOL |
||
| 100 | 1 |
_aGoleman, Daniel., _aauthor. |
|
| 245 | 1 | 0 |
_aSocial intelligence/ _c Daniel Goleman. |
| 260 |
_aLondon : _bArrow Books, _c2006. |
||
| 300 |
_a403 pages : _billustrations ; _c20 cm. |
||
| 336 |
_atext _btxt _2rdacontent |
||
| 337 |
_aunmediated _bn _2rdamedia |
||
| 338 |
_avolume _bnc _2rdacarrier |
||
| 500 | _aIncludes index. | ||
| 650 | 1 |
_aEmotions _xSocial aspects. |
|
| 650 | _aInterpersonal relations. | ||
| 650 |
_aIntellect _xSocial aspects. |
||
| 650 | _aSocial intelligence. | ||
| 907 |
_a.b10407601 _b27-07-21 _c27-07-21 |
||
| 003 | |||
| 005 | 20230123141215.0 | ||
| 942 |
_cBOOKS _kHM1106 _mGOL |
||
| 999 |
_c169536 _d169536 |
||